000 00414nam a2200109 4500
008 230612b xxu||||| |||| 00| 0 eng d
082 _a354.676
_bGOK
245 _a2010/2011 Annex of Estimates of Revenue and Expenditure of State Corporations of the Government of Kenya for the Year Ending 30th June 2011
_cGovernment of Kenya
260 _aNairobi
_bGovernment of Kenya
_cJune 2010
300 _a93 p
942 _2ddc
_cBK
999 _c1051
_d1051